Normal view
MARC view
Entry Meeting Name
001 - CONTROL NUMBER
- control field: 75391
003 - CONTROL NUMBER IDENTIFIER
- control field: OSt
005 - DATE AND TIME OF LATEST TRANSACTION
- control field: 20220918191232.0
008 - FIXED-LENGTH DATA ELEMENTS
- fixed length control field: 220918|| aca||aabn | a|a d
040 ## - CATALOGING SOURCE
- Original cataloging agency: OSt
- Transcribing agency: OSt
111 ## - HEADING--MEETING NAME
- Meeting name or jurisdiction name as entry element: Symposium on structure in science and art (Kronberg)
670 ## - SOURCE DATA FOUND
- Source citation: Work cat.: (OSt)188874: Symposium on structure in science and art (Kronberg), Proceeding ed by Sir Peter Medawar and Julian Shelley, 1980
